000 00338nam a2200097Ia 4500
008 220120s9999||||xx |||||||||||||| ||und||
100 _aBhavya Changappa V, Nikshith K.N, Pooja K.L and Smitha Rames
_912336
245 0 _aNumber plate recognition system
260 _aCoorg Institute of Technology
_bPonnampet
_c2011
650 _aCOMPUTER SCIENCE
999 _c137922
_d137922